| 000 | 00815nam a2200181Ia 4500 | ||
|---|---|---|---|
| 008 | 151202s9999||||xx |||||||||||||| ||und|| | ||
| 082 | _bPNVM-73757 | ||
| 100 | _aकोल्हटकर उल्हास/कोल्हटकर वर्षा. | ||
| 245 | _aअॅलोपथीच्या पलिकडे. | ||
| 260 | _b"नवचैतन्य प्रकाशन,बोरोवली." | ||
| 260 | _c73757 | ||
| 300 | _a232 | ||
| 600 | _aकोल्हटकर उल्हास/कोल्हटकर वर्षा. | ||
| 630 | _aअॅलोपथीच्या पलिकडे. | ||
| 700 | _aकोल्हटकर उल्हास/कोल्हटकर वर्षा. | ||
| 730 | _aअॅलोपथीच्या पलिकडे. | ||
| 942 | _cBOOK | ||
| 999 |
_c1340420 _d1340417 |
||